000 00315nam a22001337a 4500
008 170525b xxu||||| |||| 00| 0 eng d
020 _a9780136298410
041 _aeng
080 _a621.3
100 _a26
101 _aIM
245 _aOBJECT MODEL NOTATION ADVANCES CONCEPTS
_cRUMBAUCH.J
942 _2udc
_cBK
999 _c14227
_d14227